Deep Learning (Record no. 357502)

MARC details
000 -LEADER
fixed length control field 00297 a2200133 4500
003 - CONTROL NUMBER IDENTIFIER
control field OSt
005 - DATE AND TIME OF LATEST TRANSACTION
control field 20240408160632.0
008 - FIXED-LENGTH DATA ELEMENTS--GENERAL INFORMATION
fixed length control field 240408b |||||||| |||| 00| 0 eng d
020 ## - INTERNATIONAL STANDARD BOOK NUMBER
International Standard Book Number 9789354493874
100 ## - MAIN ENTRY--PERSONAL NAME
Author Das A.K.
245 ## - TITLE STATEMENT
Title Deep Learning
260 ## - PUBLICATION, DISTRIBUTION, ETC.
Name of publisher, distributor, etc. Pearson
Date of publication, distribution, etc. 2021
942 ## - ADDED ENTRY ELEMENTS (KOHA)
Koha item type Books
Holdings
Withdrawn status Lost status Source of classification or shelving scheme Damaged status Not for loan Home library Current library Date acquired Vendor Net Price Total Checkouts Full call number Barcode Date due Date last seen Date last checked out Actual Price Bill Date Koha item type
    Dewey Decimal Classification     Cummins College of Engineering for Women Pune Cummins College of Engineering for Women Pune 12/03/2024 144 618.75 4 006.32 DAS CCEP-BK-66901 04/07/2026 05/01/2026 05/01/2026 825.00 12/03/2024 Books